| 000 | 00746nam a2200205Ia 4500 | ||
|---|---|---|---|
| 003 | GCL | ||
| 008 | 140319s9999 xx 000 0 ara d | ||
| 040 |
_aGCL / _cGCL |
||
| 082 | 0 | 4 |
_a341.45 _bم ن |
| 100 | 1 | _aمعهد البحوث والدراسات العربية | |
| 245 | 1 | 0 |
_aندوة قانون البحار الجديد والمصالح العربية / _cمعهد البحوث والدراسات العربية |
| 260 |
_a[S.N] : _bمعهد البحوث والدراسات العربية ، _c1977 |
||
| 300 | _a125 ص | ||
| 490 | _a | ||
| 650 | 0 | 4 | _aالاتفاقيات الدولية |
| 650 | 0 | 4 | _aالعالم العربى |
| 650 | 0 | 4 | _aالقانون الدولى |
| 650 | 0 | 4 | _aالقانون البحرى |
| 942 |
_2ddc _cBK |
||
| 999 |
_c31567 _d31567 |
||